00527nam a2200157 a 450000100100000000500170001000800410002704000250006810000370009324500500013026000360018030000220021604900090023895201050024799900170035200002875220200930055121.0110412s1976 dr 000 0 spa d aDO-SdBNPbspacBNPHU1 aBastardo, Jesús María95575010aRosas de oriente /cJesús María Bastardo. aSanto Domingo :b[s.n.],c1976. a[40] p. ;c22 cm. aBNPD 0010718PDaPDbPDcHDd2011-04-28iLF1l0o p28752-10r2020-06-25w2020-06-25yLFPDZNo se presta c28244d28244